Coen Brothers Movies - Sudden Death - Statistics

General Stats
  • This quiz has been taken 50 times
  • The average score is 10 of 14
Answers on the Grid
Answers color-coded by a green-red scale on the quiz's grid according to % correct below.
The Big Lebowski
The Royal Tenenbaums
Office Space
No Country for Old Men
Miller's Crossing
Death at a Funeral
O Brother, Where Art Thou?
Fargo
Being John Malkovich
Inside Llewyn Davis
Blood Simple
John Dies at the End
Raising Arizona
Three Billboards Outside Ebbing, Missouri
Burn After Reading
Natural Born Killers
The Usual Suspects
A Serious Man
American Psycho
The Lobster
Hunt for the Wilderpeople
The Man Who Wasn't There
Little Miss Sunshine
Barton Fink
The Hudsucker Proxy
Eternal Sunshine of the Spotless Mind
Hail, Caesar!
Seven Psychopaths
 
Answer Stats
Answer % Correct
The Big Lebowski
95%
Fargo
90%
No Country for Old Men
90%
O Brother, Where Art Thou?
83%
Hail, Caesar!
76%
Burn After Reading
73%
Barton Fink
68%
A Serious Man
63%
Blood Simple
63%
Inside Llewyn Davis
61%
Miller's Crossing
61%
Raising Arizona
61%
The Hudsucker Proxy
54%
The Man Who Wasn't There
51%
No matching quizzes found
Score Distribution
Percent of People with Each Score
Percentile by Number Answered
Your Score History
You have not taken this quiz